Southville International School and Colleges
Your cart is empty.
  • Cart
  • Lists
    Public lists Eva Luna New books Lux_list list_1
    Your lists Log in to create your own lists
  • Log in to your account
  • Your cookies
  • Search history
Southville International School and Colleges
  • Advanced search
  • Recent comments
  • Most popular
  • Libraries

Log in to your account

Log in with GOOGLE


If you do not have an external account, but do have a local account, you can still log in:

  1. Home
  2. MARC view: The procrastinator's guide to getting things done /
Normal view MARC view ISBD view

The procrastinator's guide to getting things done / (Record no. 24038)

[ view plain ]
MARC details
000 -LEADER
fixed length control field 00593nam a2200193 a 4500
003 - CONTROL NUMBER IDENTIFIER
control field PILC
005 - DATE AND TIME OF LATEST TRANSACTION
control field 20160212152132.0
008 - FIXED-LENGTH DATA ELEMENTS--GENERAL INFORMATION
fixed length control field 100809s19uu xx 00 eng d
020 ## - INTERNATIONAL STANDARD BOOK NUMBER
International Standard Book Number 978606232934
050 ## - LIBRARY OF CONGRESS CALL NUMBER
Classification number BF 637.P6
Item number .B37 2010
100 ## - MAIN ENTRY--PERSONAL NAME
Personal name Basco, Monica Ramirez.
245 ## - TITLE STATEMENT
Title The procrastinator's guide to getting things done /
Statement of responsibility, etc Monica Ramirez Basco.
260 ## - PUBLICATION, DISTRIBUTION, ETC. (IMPRINT)
Place of publication, distribution, etc New York :
Name of publisher, distributor, etc The Guilford Press,
Date of publication, distribution, etc 2010.
300 ## - PHYSICAL DESCRIPTION
Extent 178 pages :
Other physical details illustrations ;
Dimensions 20 cm.
650 ## - SUBJECT ADDED ENTRY--TOPICAL TERM
Topical term or geographic name as entry element Procrastination.
650 ## - SUBJECT ADDED ENTRY--TOPICAL TERM
Topical term or geographic name as entry element Self-actualization (Psychology).
942 ## - ADDED ENTRY ELEMENTS (KOHA)
Koha item type Books
Source of classification or shelving scheme Library of Congress Classification
Call number prefix Foreign
Holdings
Withdrawn status Lost status Source of classification or shelving scheme Damaged status Home library Current library Shelving location Date acquired Source of acquisition Total Checkouts Full call number Barcode Date last seen Date checked out Copy number Price effective from Koha item type
    Library of Congress Classification   College Library College Library General Circulation Section 01/10/2014 Library Fund 1 BF 637.P6 .B37 2010 C11382 05/15/2018 05/03/2016 1 01/10/2014 Books

The procrastinator's guide to getting things done /

APA

Basco M. R., . (2010). The procrastinator's guide to getting things done. New York: The Guilford Press.

Chicago

Basco Monica Ramirez, . 2010. The procrastinator's guide to getting things done. New York: The Guilford Press.

Harvard

Basco M. R., . (2010). The procrastinator's guide to getting things done. New York: The Guilford Press.

MLA

Basco Monica Ramirez, . The procrastinator's guide to getting things done. New York: The Guilford Press. 2010.

  • Place hold
  • Print
  • Cite
  • Add to your cart (remove)
  • Save record
    BIBTEX Dublin Core MARCXML MARC (non-Unicode/MARC-8) MARC (Unicode/UTF-8) MARC (Unicode/UTF-8, Standard) MODS (XML) RIS
  • More searches
    Search for this title in:
    Other Libraries (WorldCat) Other Databases (Google Scholar) Online Stores (Bookfinder.com) Open Library (openlibrary.org)

Exporting to Dublin Core...

SOUTHVILLE LIBRARY

Southville International School and Colleges Library

1281 Tropical Ave. Cor. Luxembourg St., BF Homes International, Las Pinas City

Tel. No. 8256374 / 252358 Loc. 117/146

Powered by Koha